Library Banner

Writings of Dr. Leitner: Islam , education , dardistan, politics and culture of Northern areas, (Record no. 99846)

MARC details
000 -LEADER
fixed length control field 00466nam a22001457a 4500
005 - DATE AND TIME OF LATEST TRANSACTION
control field 20171106111925.0
008 - FIXED-LENGTH DATA ELEMENTS--GENERAL INFORMATION
fixed length control field 171106b xxu||||| |||| 00| 0 eng d
020 ## - INTERNATIONAL STANDARD BOOK NUMBER
International Standard Book Number 9693513061
040 ## - CATALOGING SOURCE
Transcribing agency PK-LaUMT
082 ## - DEWEY DECIMAL CLASSIFICATION NUMBER
Classification number PKAC 320.95491
Item number WRI-
245 ## - TITLE STATEMENT
Title Writings of Dr. Leitner: Islam , education , dardistan, politics and culture of Northern areas,
Statement of responsibility, etc M. Ikram Chaghatai(Compiled)
260 ## - PUBLICATION, DISTRIBUTION, ETC. (IMPRINT)
Place of publication, distribution, etc Lahore:
Name of publisher, distributor, etc Sang-E-Meel publication,
Date of publication, distribution, etc 2002
300 ## - PHYSICAL DESCRIPTION
Extent 543 p.
942 ## - ADDED ENTRY ELEMENTS (KOHA)
Koha item type Books
Holdings
Withdrawn status Lost status Damaged status Home library Current library Date acquired Full call number Barcode Date last seen Price effective from Koha item type
      UMT Main Campus UMT Main Campus 2017-11-06 PKAC 320.95491 WRI- 115590 2017-11-06 2017-11-06 Books